| 000 | 00726nam a22002177a 4500 | ||
|---|---|---|---|
| 003 | OSt | ||
| 005 | 20230726093211.0 | ||
| 008 | 221006b |||||||| |||| 00| 0 eng d | ||
| 040 | _cBiblioteca Lado V | ||
| 082 |
_a750 _bB269p |
||
| 100 |
_9907 _aBarraza, Mayra _eautora |
||
| 245 |
_aPunto de Encuentro/ _bMayra Barraza/ |
||
| 260 |
_bSala Nacional de Exposiciones _c2006 _aEl Salvador |
||
| 300 |
_c17x17cm _a26p. |
||
| 366 | _espa | ||
| 650 |
_2Tesauro de Arte & Arquitectura _aARTE _9703 |
||
| 650 |
_2Tesauro de Arte & Arquitectura _aPINTURA |
||
| 650 |
_2Tesauro de Arte & Arquitectura _aEXPOSICION _9702 |
||
| 651 |
_2Tesauro de Arte & Arquitectura _aEL SALVADOR |
||
| 942 |
_2ddc _c1 _h750 _iB269p _n0 |
||
| 999 |
_c4082 _d4082 |
||